English syntax and argumentation / (رقم التسجيلة. 35040)
[ عرض عادي ]
| 000 -الفاتح | |
|---|---|
| حقل البيانات ثابتة الطول | 00774nam a22002537a 4500 |
| 003 - محدد رقم الضبط | |
| رقم الضبط | OSt |
| 005 - وقت وتاريخ اخر تعامل مع التسجيلة | |
| رقم الضبط | 20150408114217.0 |
| 008 - عناصر البيانات ثابتة الطول - معلومات عامة | |
| حقل البيانات ثابتة الطول | 140514s2013 enka g b 001 0 eng d |
| 020 ## - الرقم الدولى المعيارى للكتب | |
| الرقم الدولى المعيارى للكتاب | 9780230361690 |
| 040 ## - مصدر الفهرسة | |
| وكالة الفهرسة الأصلية | Ma-Un |
| 082 04 - رقم تصنيف ديوى العشرى | |
| رقم الطبعة | 22 |
| رقم التصنيف | 425 |
| رقم المادة | ABE |
| 100 1# - المدخل الرئيسى - إسم شخصى | |
| الإسم الشخصى | Aarts, Bas, |
| التواريخ المصاحبة للاسم | 1961- |
| 9 (RLIN) | 45033 |
| 245 10 - بيان العنوان | |
| العنوان | English syntax and argumentation / |
| بيان المسئوليه,etc | Bas Aarts. |
| 250 ## - بيان الطبعة | |
| بيان الطبعة | 4th ed. |
| 260 ## - PUBLICATION, DISTRIBUTION, ETC. (IMPRINT) | |
| مكان الناشر او الموزع | Basingstoke : |
| اسم الناشر او الموزع | Palgrave, |
| تاريخ النشر أو التوزيع | 2013. |
| 300 ## - الوصف المادى | |
| التعداد | xv, 341 p. : |
| تفاصيل ماديه اخرى للوعاء | ill. ; |
| أبعاد الوعاء | 24 cm. |
| 490 1# - بيان السلسلة | |
| عنوان السلسلة | Modern linguistics series |
| 504 ## - تبصرة ببليوجرافية | |
| تبصرة ببليوجرافية,الخ | Includes bibliographical references and index. |
| 650 ## - المدخل الاضافى بالموضوع-مصطلح موضوعى | |
| مصطلح موضوعي أو اسم جغرافي كعنصر مدخل | English language |
| التقسيم الفرعي العام | Syntax |
| 9 (RLIN) | 44935 |
| 650 ## - المدخل الاضافى بالموضوع-مصطلح موضوعى | |
| مصطلح موضوعي أو اسم جغرافي كعنصر مدخل | English language |
| التقسيم الفرعي العام | Semantics |
| 650 ## - المدخل الاضافى بالموضوع-مصطلح موضوعى | |
| مصطلح موضوعي أو اسم جغرافي كعنصر مدخل | Persuasion (Rhetoric) |
| 9 (RLIN) | 45034 |
| 830 #0 - المدخل الاضافى بالسلسلة -عنوان موحد | |
| عنوان موحد | Modern linguistics series |
| 9 (RLIN) | 45035 |
| 942 ## - عناصر المدخل الإضافي( كوها) | |
| مصدر التصنيف او مخطط الترفيف | Dewey Decimal Classification |
| Koha [default] item type | كتاب |
| حالة الفقد | نموذج السعر الفعال | حالة تلف | ليس للاعارة | رقم الطلب | رقم النسخة | تاريخ الاكتساب | مصدر التزويد | الموقع الحالي | الباركود | الفرع الرئيسي | Date last seen | نوع المادة فى نظام كوها | مصدر التصنيف او خطة الترفيف | Total Checkouts | Date last checked out |
|---|---|---|---|---|---|---|---|---|---|---|---|---|---|---|---|
| 2014-05-14 | Not For Loan | 425 ABE | 1 | 2014-05-14 | دار العرب | مكتبة كلية التمريض - طالبات (CNF) | 00211301 | مكتبة كلية التمريض - طالبات (CNF) | 2014-05-14 | كتاب | Dewey Decimal Classification | ||||
| 2014-05-14 | 425 ABE | 2 | 2014-05-14 | دار العرب | مكتبة كلية التمريض - طالبات (CNF) | 00211303 | مكتبة كلية التمريض - طالبات (CNF) | 2014-05-14 | كتاب | Dewey Decimal Classification | |||||
| 2014-05-14 | Not For Loan | 425 ABE | 1 | 2014-05-14 | دار العرب | مكتبة كلية التمريض - طلاب (CNM) | 00211302 | مكتبة كلية التمريض - طلاب (CNM) | 2014-05-14 | كتاب | Dewey Decimal Classification | ||||
| 2014-05-14 | 425 ABE | 2 | 2014-05-14 | دار العرب | مكتبة كلية التمريض - طلاب (CNM) | 00211304 | مكتبة كلية التمريض - طلاب (CNM) | 2016-05-12 | كتاب | Dewey Decimal Classification | 3 | 2015-12-14 |
